00322nam a22001337a 4500003000400000008004100004020001800045082001600063100001800079245002900097260003900126300001200165440001100177OSt240830b |||||||| |||| 00| 0 eng d a9788124603369 a181.4 bKAI aKAPOOR, Kapil aIndian Knowledge Systems aNew Delhi:bDK Print World,c2005. ax,315p. aVol. 1